000 00437pab a2200169 454500
008 180718b2015 xxu||||| |||| 00| 0 eng d
100 _aIrshad, Mohammed S.
245 _aAn invisible disaster: Endosulfan tragedy of Kerala (notes)
260 _c2015
300 _ap.61-65.
362 _a14 Mar
650 _aDisasters
700 _aJoseph, Jacquleen
773 _aEconomic and Political Weekly
908 _aN
909 _a106943
999 _c106938
_d106938